000 00649nam a2200253Ia 4500
003 OSt
005 20221005132130.0
006 a|||||r|||| 00| 0
007 ta
008 221004b |||||||| |||| 00| 0 tam d
020 _c4.50
024 _a49270
037 _cTextual
040 _aCRL
_cCRL
_btam
041 _2tam
_atam
082 _aO31,3:g, K8
100 _aKailasapathy K Au.
_9191533
245 0 _aThamil naval ilakkiyam
_b studies in the tamil novel
260 _c1968
300 _a284p.
_ccm.
650 _aTAMIL FICTION
942 _hO31,3:g, K8
_cTEXL
_2cc
999 _c1062519
_d1062519